Bye, bye, butterfly / (Record no. 40324)

MARC details
000 -LEADER
fixed length control field 00637nam a22002297a 4500
005 - DATE AND TIME OF LATEST TRANSACTION
control field 20230712125810.0
010 ## - LCCN (DPL NO)
LC control number ENG-99113 G-001741 ENG-137371
020 ## - INTERNATIONAL STANDARD BOOK NUMBER
International Standard Book Number 8189431285
Terms of availability 125.00
035 ## - SYSTEM CONTROL NUMBER
System control number EN-82645 EN-120903
035 ## - SYSTEM CONTROL NUMBER
System control number G-001741
037 ## - SOURCE OF ACQUISITION
Source of stock number/acquisition DBAD/PUB
037 ## - SOURCE OF ACQUISITION
Source of stock number/acquisition Gift
082 ## - DEWEY DECIMAL CLASSIFICATION NUMBER
Classification number 881
100 ## - MAIN ENTRY--PERSONAL NAME
Personal name Dev, Amal C.
245 ## - TITLE STATEMENT
Title Bye, bye, butterfly /
Remainder of title by Amal C. Dev
260 ## - PUBLICATION, DISTRIBUTION, ETC. (IMPRINT)
Place of publication, distribution, etc Ajmer
Name of publisher, distributor, etc Atin Publications
Date of publication, distribution, etc 2010
270 ## - ADDRESS
Address 59, Shastri Nagar
City Ajmer
300 ## - PHYSICAL DESCRIPTION
Extent 101p.
Dimensions 22cm (pbk)
650 ## - SUBJECT ADDED ENTRY--TOPICAL TERM
Topical term or geographic name as entry element English Poetry
942 ## - ADDED ENTRY ELEMENTS (KOHA)
Source of classification or shelving scheme Dewey Decimal Classification
Item type English Books
Classification part 881
Call number suffix DEV
Holdings
Withdrawn status Lost status Not for loan Collection code Home library Current library Date acquired Source of acquisition Cost, normal purchase price Full call number Barcode Copy number Cost, replacement price Koha item type
    Not For Loan Non-fiction D.B.Act.Division D.B.Act.Division 09/08/2010 DBAD/PUB 125.00 881 DEV EN-82645 1 125.00 English Books
      Non-fiction Janak Puri Janak Puri 11/10/2011 gift 125.00 881 DEV G-001741 1 125.00 English Books
      Non-fiction Narela Narela 12/07/2023 DBAD/PUB 125.00 881 DEV EN-120903 1 125.00 English Books

© Delhi Public Library
Hit Counter
free hit counter